How well Do you know HABS? - Statistics

General Stats
  • This quiz has been taken 9 times
  • The average score is 5 of 15
Answer Stats
Hint Answer % Correct
What Subject does Mr Bagguley teach? Biology
100%
Who is in charge of the Bates? Mr Johnson
75%
What is the name of the Shield for interhouse events? Crossman
50%
What year is your form split in half? 9
25%
Who is the Meadows house captain? Adam Nash
25%
Where is the staff room? Aske
25%
Where is the shooting range? Behind the Sports hall
25%
Where is the most likely place to find a grass snake on the grounds? CCF Assault Course
25%
Which student toilets are the best? DT
25%
Which room is B13? ICT Office
25%
What is the main school charity? Kidscare Tanzania
25%
Who is Considered to be the strictest teacher in the school? Mr Simm/Mr Kerr
25%
What is Rev Jan's full title? Rev Dr Jan Goodair
25%
What building used to be next to the sports hall Squash Courts
25%
What room is next to Mr Bagguley's lab? The Plant Room
25%
No matching quizzes found
Score Distribution
Percent of People with Each Score
Percentile by Number Answered
Your Score History
You have not taken this quiz